Normal view MARC view

Entry Personal Name

Number of records used in: 2

001 - CONTROL NUMBER

  • control field: 57057

003 - CONTROL NUMBER IDENTIFIER

  • control field: dpl

005 - DATE AND TIME OF LATEST TRANSACTION

  • control field: 20230920113816.0

008 - FIXED-LENGTH DATA ELEMENTS

  • fixed length control field: 230920|| aca||aabn | a|a d

040 ## - CATALOGING SOURCE

  • Original cataloging agency: dpl
  • Transcribing agency: dpl

100 ## - HEADING--PERSONAL NAME

  • Personal name: अग्रवाल ,रविकांत और प्रकाश,ओम [Author]

670 ## - SOURCE DATA FOUND

  • Source citation: Work cat.: (dpl)198429: पाण्डेय,दीपक 57055, गणित और शिक्षण शास्त्र /, 2023

© Delhi Public Library
Hit Counter
free hit counter